Loading...

Charithra Keralam /

Bibliographic Details
Main Author: Syed Muhammed, P A.
Format: Printed Book
Published: Kottyam : National book stall, 1952.
Subjects:
LEADER 00456nam a22001337a 4500
082 |a 320.95483  |b SYE.C 
100 |a Syed Muhammed, P A. 
245 |a Charithra Keralam /  |c by P A Syed Muhammed. 
260 |a Kottyam :  |b National book stall,  |c 1952. 
300 |a 90 p. 
650 |a history 
942 |c BK 
999 |c 316484  |d 316484 
952 |0 0  |1 0  |4 0  |6 320_954830000000000_SYE_C  |7 0  |8 MAL  |9 338484  |a POL  |b POL  |c GEN  |d 2020-12-03  |l 0  |o 320.95483 SYE.C  |p POL4196  |r 2020-12-03  |w 2020-12-03  |y BK